Ciencias físico químicas /

Guardado en:
Autor Principal: Carrillo, Ernesto
Formato: Libro
Publicado: Buenos Aires : Estrada, 1979
Materias:
Etiquetas: Agregar Etiqueta
Sin Etiquetas, Sea el primero en etiquetar este registro!
LEADER 00615nam a22001815a 4500
001 CEM.cems017776
005 20120326110907.0
008 130507s1979##################000#0#####d
003 CEMS
082 0 4 |a 541 
100 1 |a Carrillo, Ernesto 
245 1 0 |a Ciencias físico químicas /  |c Ernesto Carrillo 
260 |a Buenos Aires :  |b Estrada,  |c 1979 
300 |a 159 p. 
505 0 |a Introducción a la física -- Cinemática -- Estática -- Dinámica -- Energía --Los fluidos -- Conceptos básicos de química 
653 |a Física 
653 |a Química 
859 |a CEMS  |b BIB. CEMS - Agricultura  |h 541  |i C235  |p A1531.12  |t Ej.1  |v III  |3 III